Pappo : el hombre suburbano /
Guardado en:
| Autor Principal: | |
|---|---|
| Formato: | Libro |
| Publicado: |
Buenos Aires :
Planeta,
2011
|
| Edición: | 2a. ed. |
| Materias: | |
| Etiquetas: |
Agregar Etiqueta
Sin Etiquetas, Sea el primero en etiquetar este registro!
|
| LEADER | 00682nam a22002535a 4500 | ||
|---|---|---|---|
| 001 | CEM.cems013556 | ||
| 005 | 20110912155101.0 | ||
| 008 | 130507s2011##################000#0#####d | ||
| 003 | CEMS | ||
| 020 | |a 9789504926221 | ||
| 082 | 0 | 4 | |a 927 |
| 100 | 1 | |a Marchi, Segio | |
| 245 | 1 | 0 | |a Pappo : |b el hombre suburbano / |c Sergio Marchi |
| 250 | |a 2a. ed. | ||
| 260 | |a Buenos Aires : |b Planeta, |c 2011 | ||
| 300 | |a 514 p. | ||
| 505 | 0 | |a Incluye discografía completa.- | |
| 600 | 1 | 4 | |a Pappo - biografía |
| 653 | |a Biografías | ||
| 653 | |a Rock nacional | ||
| 653 | |a Música | ||
| 653 | |a Blues | ||
| 653 | |a Musica argentina | ||
| 859 | |a CEMS |b BIB. CEMS - 11 de abril |h 927 |i N621m |p 26190.11 |t Ej.1 | ||
